[Event "23.Schlosspark-Open"]
[Site "Wiesbaden"]
[Date "2011.08.27"]
[Round "4.1"]
[White "Poetsch, Hagen"]
[Black "Luther, Thomas"]
[Result "1/2-1/2"]
[WhiteElo "2403"]
[BlackElo "2515"]
[PlyCount "56"]
[EventDate "2011.??.??"]
[WhiteTeam "Wiesbadener SV 1885"]
[BlackTeam "SV Empor Erfurt"]

1. e4 c5 2. Nf3 d6 3. d4 cxd4 4. Nxd4 Nf6 5. Nc3 e6 6. g4 e5 7. Bb5+ Bd7 8.
Bxd7+ Qxd7 9. Nf5 h5 10. gxh5 Nxh5 11. Nd5 g6 12. Ng3 Bg7 13. Qf3 Nc6 14. Be3
Nf4 15. O-O-O Nxd5 16. exd5 Ne7 17. Ne4 Rc8 18. Bg5 f5 19. Nf6+ Bxf6 20. Bxf6
Qa4 21. c3 Rf8 22. Bxe5 dxe5 23. d6 Rc6 24. Qg3 Qxa2 25. Qxe5 Qa1+ 26. Kc2 Qa4+
27. Kc1 Qa1+ 28. Kc2 Qa4+ 1/2-1/2

[Event "23.Schlosspark-Open"]
[Site "Wiesbaden"]
[Date "2011.08.27"]
[Round "4.2"]
[White "Meijers, Viesturs"]
[Black "Nabavi, Parwis"]
[Result "1-0"]
[WhiteElo "2492"]
[BlackElo "2202"]
[PlyCount "141"]
[EventDate "2011.??.??"]
[WhiteTeam "ESV Nickelhütte Aue"]
[BlackTeam "SGEM Dreisamtal"]

1. d4 d5 2. e3 Nf6 3. Bd3 e6 4. Nf3 Be7 5. O-O O-O 6. b3 b6 7. Bb2 Bb7 8. c4
Nbd7 9. Qe2 c5 10. Nc3 Rc8 11. Rac1 Qc7 12. cxd5 Nxd5 13. Nxd5 exd5 14. Bf5 g6
15. Bh3 Rcd8 16. Rfd1 Rfe8 17. g3 Bd6 18. Bg2 Qb8 19. Rc2 cxd4 20. Bxd4 Nc5 21.
Bb2 Bf8 22. h4 Bg7 23. Bxg7 Kxg7 24. Qd2 Qd6 25. b4 Ne6 26. Qc3+ Kg8 27. Rcd2
Qc7 28. Qb2 Rd6 29. h5 Red8 30. h6 Qe7 31. a3 Qf8 32. Ne5 Qxh6 33. Ng4 Qg7 34.
Nf6+ Kh8 35. e4 d4 36. e5 Bxg2 37. Kxg2 Rc6 38. Rc2 Rxc2 39. Qxc2 h6 40. Qe4 g5
41. Rh1 d3 42. Rd1 Qg6 43. f3 Qxe4 44. fxe4 Nf8 45. Nd5 Ng6 46. Rxd3 Nxe5 47.
Rc3 f5 48. Rc7 Ng4 49. Nc3 Rd2+ 50. Kg1 f4 51. gxf4 gxf4 52. Rf7 Nf2 53. e5
Nh3+ 54. Kf1 Kg8 55. e6 Ng5 56. Rf6 Rd8 57. e7 Re8 58. Nd5 Kg7 59. Rxf4 Ne6 60.
Rh4 Rh8 61. Kf2 Kf7 62. Ke3 Ke8 63. Ke4 Kd7 64. Ke5 Ng7 65. Rd4 h5 66. Nf4+ Kc6
67. Ng6 Rh6 68. Kf6 Ne8+ 69. Kf7 Kc7 70. Kxe8 Rxg6 71. Kf7 1-0

[Event "23.Schlosspark-Open"]
[Site "Wiesbaden"]
[Date "2011.08.27"]
[Round "4.3"]
[White "Geske, Julian"]
[Black "Boidman, Yuri"]
[Result "1/2-1/2"]
[WhiteElo "2337"]
[BlackElo "2444"]
[PlyCount "29"]
[EventDate "2011.??.??"]
[WhiteTeam "Wiesbadener SV 1885"]
[BlackTeam "SC Heimbach-Weis/N."]

1. e4 c5 2. Nf3 a6 3. Nc3 b5 4. d4 cxd4 5. Nxd4 Bb7 6. Bd3 g6 7. O-O Bg7 8. Be3
d6 9. a4 bxa4 10. Rxa4 Nf6 11. Rb4 Qc7 12. Rc4 Qd8 13. Rb4 Qc8 14. Rc4 Qd8 15.
Rb4 1/2-1/2

[Event "23.Schlosspark-Open"]
[Site "Wiesbaden"]
[Date "2011.08.27"]
[Round "4.5"]
[White "Kuhn, Andreas"]
[Black "Dausch, Rene"]
[Result "1/2-1/2"]
[WhiteElo "2162"]
[BlackElo "2375"]
[PlyCount "40"]
[EventDate "2011.??.??"]
[WhiteTeam "Wiesbadener SV 1885"]
[BlackTeam "SC Böblingen 1975 e.V."]

1. d4 Nf6 2. c4 c5 3. d5 b5 4. cxb5 e6 5. Nc3 exd5 6. Nxd5 Bb7 7. Nxf6+ Qxf6 8.
Nf3 d5 9. g3 Bd6 10. Bg2 Nd7 11. O-O O-O 12. Rb1 Rfe8 13. e3 Rad8 14. b3 h6 15.
Bb2 Qe6 16. b4 d4 17. exd4 cxd4 18. Ng5 hxg5 19. Bxb7 Qc4 20. Bc6 Re7 1/2-1/2

[Event "23.Schlosspark-Open"]
[Site "Wiesbaden"]
[Date "2011.08.27"]
[Round "4.6"]
[White "Malek, Daniel"]
[Black "Freundlieb, Thomas"]
[Result "0-1"]
[WhiteElo "2341"]
[BlackElo "2095"]
[PlyCount "60"]
[EventDate "2011.??.??"]
[WhiteTeam "SV Oberursel"]
[BlackTeam "SV Bergneustadt/Dersch"]

1. d4 d6 2. Nf3 g6 3. c4 Bg7 4. Nc3 Bg4 5. e3 c5 6. Be2 cxd4 7. exd4 Nh6 8. O-O
O-O 9. h3 Bxf3 10. Bxf3 Nc6 11. d5 Ne5 12. Be2 Nf5 13. Kh1 Rc8 14. g4 Nh6 15.
b3 e6 16. Kg2 Qh4 17. Be3 f5 18. Qc1 fxg4 19. Rh1 Nf3 20. dxe6 Nf5 21. Bxa7
N5d4 22. hxg4 Qxg4+ 23. Kf1 Qxe6 24. Bd3 Rce8 25. Qd1 Ng5 26. Bxg6 Rxf2+ 27.
Kxf2 Rf8+ 28. Kg2 Qxg6 29. Qh5 Qc2+ 30. Ne2 Qe4+ 0-1

[Event "23.Schlosspark-Open"]
[Site "Wiesbaden"]
[Date "2011.08.27"]
[Round "4.8"]
[White "Stockmann, Michael"]
[Black "Schupp, Tobias"]
[Result "1-0"]
[WhiteElo "2269"]
[BlackElo "2041"]
[PlyCount "73"]
[EventDate "2011.??.??"]
[WhiteTeam "Sfr. Schöneck"]
[BlackTeam "SK Niederbrechen 1948"]

1. d4 c5 2. d5 d6 3. Nc3 Nf6 4. e4 g6 5. f4 Bg7 6. Bb5+ Nfd7 7. a4 O-O 8. Nf3
Nf6 9. O-O Bg4 10. Re1 Nbd7 11. Be3 a6 12. Be2 Ne8 13. h3 Bxf3 14. Bxf3 Nc7 15.
Qd2 b5 16. e5 Nb6 17. Bf2 Nc4 18. Qe2 Rb8 19. axb5 axb5 20. Bh4 dxe5 21. Nxb5
Nxb5 22. Qxc4 Nd6 23. Qxc5 Nf5 24. Bf2 exf4 25. Bg4 Nd6 26. Ra7 Re8 27. Rd7 Qc8
28. Rdxe7 Qa6 29. Qc6 Qxc6 30. dxc6 Rxe7 31. Rxe7 Rxb2 32. Rd7 Be5 33. Rd8+ Kg7
34. Rxd6 Rxc2 35. Rd5 Rc1+ 36. Kh2 Bc7 37. Rc5 1-0

[Event "23.Schlosspark-Open"]
[Site "Wiesbaden"]
[Date "2011.08.27"]
[Round "4.11"]
[White "Minor, Samuel"]
[Black "Matzies, Alexander"]
[Result "1-0"]
[WhiteElo "2210"]
[BlackElo "1982"]
[PlyCount "59"]
[EventDate "2011.??.??"]
[WhiteTeam "Wiesbadener SV 1885"]
[BlackTeam "Sfr.1932 Kelkheim"]

1. f4 Nf6 2. Nf3 d5 3. d3 Nc6 4. g3 Bg4 5. Nbd2 Qd7 6. h3 Bxf3 7. Nxf3 e6 8.
Bg2 Bd6 9. e3 O-O-O 10. Nd4 e5 11. Nxc6 Qxc6 12. O-O e4 13. d4 Kb8 14. Bd2 Nd7
15. b3 Nb6 16. a4 g5 17. fxg5 Bxg3 18. a5 Nc8 19. c4 Qg6 20. Qg4 Bd6 21. cxd5
Rdg8 22. h4 h6 23. Bxe4 Qg7 24. g6 fxg6 25. Rf2 h5 26. Qh3 g5 27. hxg5 Qxg5+
28. Rg2 Bg3 29. Bd3 Qxd5 30. Bc4 1-0

[Event "23.Schlosspark-Open"]
[Site "Wiesbaden"]
[Date "2011.08.27"]
[Round "4.13"]
[White "Marzahn, Heiko"]
[Black "Fellhauer, Clemens"]
[Result "1/2-1/2"]
[WhiteElo "1984"]
[BlackElo "2178"]
[PlyCount "68"]
[EventDate "2011.??.??"]
[WhiteTeam "Sfr.Erbach"]
[BlackTeam "SK 69 Mühlhausen e.V."]

1. e4 c5 2. Nf3 d6 3. d4 Nf6 4. Nc3 cxd4 5. Nxd4 g6 6. Be3 Bg7 7. f3 O-O 8. Qd2
Nc6 9. g4 d5 10. g5 Nh5 11. exd5 Nxd4 12. Bxd4 e5 13. Bc5 Re8 14. Ne4 b6 15.
Ba3 Qd7 16. O-O-O Rd8 17. Qb4 Bf8 18. Qb3 Bxa3 19. Qxa3 Kg7 20. h4 Bb7 21. Bh3
Qc7 22. d6 Qc4 23. Rhe1 Nf4 24. Bf1 Qe6 25. Nf6 Rac8 26. d7 Rc5 27. b4 Rc7 28.
Ne8+ Rxe8 29. dxe8=Q Qxe8 30. Qe3 Re7 31. Bc4 Ng2 32. Qb3 Nxe1 33. Rxe1 b5 34.
Bd5 Bxd5 1/2-1/2

[Event "23.Schlosspark-Open"]
[Site "Wiesbaden"]
[Date "2011.08.27"]
[Round "4.14"]
[White "Kiese, Matthias"]
[Black "Müller, Lutz"]
[Result "1-0"]
[WhiteElo "2258"]
[BlackElo "2064"]
[PlyCount "39"]
[EventDate "2011.??.??"]
[WhiteTeam "Bochumer SV 02"]
[BlackTeam "Sfr.Mainz 1928"]

1. d4 d5 2. Nf3 Nf6 3. c4 dxc4 4. e3 e6 5. Bxc4 Bd6 6. Nc3 Nc6 7. e4 Bb4 8. Qd3
Na5 9. Bb5+ c6 10. Ba4 O-O 11. Bc2 c5 12. e5 c4 13. Qe2 Nd5 14. Bd2 Nxc3 15.
bxc3 Be7 16. h4 g6 17. h5 b5 18. Qe3 f5 19. exf6 Bxf6 20. hxg6 1-0

[Event "23.Schlosspark-Open"]
[Site "Wiesbaden"]
[Date "2011.08.27"]
[Round "4.15"]
[White "Partzsch, Lukas"]
[Black "Repplinger, Marc"]
[Result "1/2-1/2"]
[WhiteElo "2034"]
[BlackElo "2249"]
[PlyCount "55"]
[EventDate "2011.??.??"]
[WhiteTeam "SC Matt im Park Ffm"]
[BlackTeam "SV Koblenz 03/25"]

1. d4 e6 2. c4 f5 3. Nf3 Nf6 4. g3 Bb4+ 5. Bd2 Be7 6. Bg2 O-O 7. O-O d6 8. Nc3
Qe8 9. Qc2 Qh5 10. e4 e5 11. dxe5 dxe5 12. Nd5 Nxd5 13. cxd5 Bd6 14. exf5 Bxf5
15. Qc3 Nd7 16. Ng5 Nf6 17. Rae1 Rae8 18. Ne4 Nxe4 19. Bxe4 Bh3 20. Bg2 e4 21.
Qd4 Re5 22. Bc3 Bxg2 23. Kxg2 Rf6 24. Re3 b6 25. Qd1 Rh6 26. h4 Rxd5 27. Qxh5
Rhxh5 28. Rxe4 1/2-1/2

[Event "23.Schlosspark-Open"]
[Site "Wiesbaden"]
[Date "2011.08.27"]
[Round "4.16"]
[White "Brechlin, Olaf"]
[Black "Pioch, Thomas"]
[Result "1/2-1/2"]
[WhiteElo "2050"]
[BlackElo "2216"]
[PlyCount "31"]
[EventDate "2011.??.??"]
[WhiteTeam "SC Hoyerswerda"]
[BlackTeam "Sfr.Mainz 1928"]

1. Nc3 e6 2. f4 d5 3. Nf3 c5 4. e4 dxe4 5. Nxe4 Nf6 6. Bb5+ Bd7 7. Bxd7+ Nbxd7
8. d3 Be7 9. b3 Qc7 10. O-O Rd8 11. Qe1 O-O 12. g3 Qb6 13. Bb2 Nd5 14. Kh1 Qb4
15. a3 Qxe1 16. Raxe1 1/2-1/2

[Event "23.Schlosspark-Open"]
[Site "Wiesbaden"]
[Date "2011.08.27"]
[Round "4.17"]
[White "Cattus, Nico"]
[Black "Glinzer, Christoph"]
[Result "1/2-1/2"]
[WhiteElo "2201"]
[BlackElo "2058"]
[PlyCount "36"]
[EventDate "2011.??.??"]
[WhiteTeam "vereinslos"]
[BlackTeam "SC Alzenau"]

1. e4 c5 2. Nf3 d6 3. d4 cxd4 4. Nxd4 Nf6 5. Nc3 a6 6. Bg5 e6 7. f4 Qc7 8. Qf3
b5 9. O-O-O b4 10. Nd5 exd5 11. Bxf6 gxf6 12. exd5 Ra7 13. Bd3 Qc5 14. Bf5 Kd8
15. Rhe1 a5 16. Nb3 Qc7 17. Qe4 Bd7 18. Nd4 a4 1/2-1/2

[Event "23.Schlosspark-Open"]
[Site "Wiesbaden"]
[Date "2011.08.27"]
[Round "4.18"]
[White "Supplieth, Peter"]
[Black "Tischendorf, Michael"]
[Result "1/2-1/2"]
[WhiteElo "2028"]
[BlackElo "2186"]
[PlyCount "36"]
[EventDate "2011.??.??"]
[WhiteTeam "SC Kevelaer 1948 e.V."]
[BlackTeam "SV 1920 Hofheim"]

1. e4 e6 2. d4 d5 3. Nc3 Bb4 4. Bd2 Ne7 5. Bd3 O-O 6. a3 dxe4 7. Bxe4 Bxc3 8.
Bxc3 Nd5 9. Qd3 f5 10. Bf3 Bd7 11. Ne2 Bc6 12. Bd2 Nf6 13. Bxc6 Nxc6 14. O-O-O
Qd5 15. f3 b5 16. Nc3 Qxd4 17. Qxd4 Nxd4 18. Be3 c5 1/2-1/2

[Event "23.Schlosspark-Open"]
[Site "Wiesbaden"]
[Date "2011.08.27"]
[Round "4.20"]
[White "Ruppert, Wolfgang"]
[Black "Gentner, Markus"]
[Result "0-1"]
[WhiteElo "2155"]
[BlackElo "2026"]
[PlyCount "106"]
[EventDate "2011.??.??"]
[WhiteTeam "SC Flörsheim 1921"]
[BlackTeam "SC Murrhardt 1948 e.V."]

1. e4 c6 2. d4 d5 3. e5 c5 4. dxc5 Nc6 5. Bb5 e6 6. Qg4 h5 7. Qe2 Bxc5 8. Nf3
Bd7 9. Nbd2 Qb6 10. Bd3 Nb4 11. Nb3 Nxd3+ 12. cxd3 Bb4+ 13. Bd2 Ne7 14. O-O
Bxd2 15. Qxd2 Nf5 16. Rfc1 Bc6 17. d4 h4 18. h3 Rh6 19. Rc5 Kd7 20. Rac1 Rc8
21. Na5 Rhh8 22. Qc3 Rc7 23. b4 Rhc8 24. Qb3 Ke7 25. b5 Be8 26. Qb4 Rxc5 27.
dxc5 Qxb5 28. Qxb5 Bxb5 29. Nxb7 Bc4 30. Nd6 Rxc5 31. Nxf5+ exf5 32. Nxh4 Ke6
33. f4 d4 34. Kf2 g6 35. Nf3 Kd5 36. a3 Bd3 37. Rd1 Rc2+ 38. Kg3 Ke4 39. Ng5+
Ke3 40. Nxf7 Be4 41. Ng5 Rxg2+ 42. Kh4 d3 43. e6 Bc6 44. e7 d2 45. Ne6 Kd3 46.
a4 Re2 47. Nd8 Be8 48. Nb7 Kc2 49. Ra1 d1=Q 50. Rxd1 Kxd1 51. Kg5 Rxe7 52. Nd6
Bxa4 53. Kf6 Rc7 0-1

[Event "23.Schlosspark-Open"]
[Site "Wiesbaden"]
[Date "2011.08.27"]
[Round "4.21"]
[White "Kobs, Stephan"]
[Black "Bremer, Vincent"]
[Result "1/2-1/2"]
[WhiteElo "2021"]
[BlackElo "2144"]
[PlyCount "37"]
[EventDate "2011.??.??"]
[WhiteTeam "SC Bad Salzdetfurth"]
[BlackTeam "SC Lerchenberg/ZMO"]

1. e4 e6 2. d4 d5 3. Nc3 Bb4 4. a3 Bxc3+ 5. bxc3 Ne7 6. e5 O-O 7. Bd3 Nf5 8.
Qg4 f6 9. Nf3 c5 10. exf6 Qxf6 11. Bg5 Qf7 12. Ne5 Qc7 13. O-O Nd7 14. Nxd7
Bxd7 15. Bf4 Qd8 16. Be5 Rf7 17. Rfe1 c4 18. Bxf5 exf5 19. Qf3 1/2-1/2

[Event "23.Schlosspark-Open"]
[Site "Wiesbaden"]
[Date "2011.08.27"]
[Round "4.22"]
[White "Simkin, Mark"]
[Black "Kreiling, Carsten"]
[Result "1-0"]
[WhiteElo "2004"]
[BlackElo "2138"]
[PlyCount "89"]
[EventDate "2011.??.??"]
[WhiteTeam "SV Saarbrücken 1970"]
[BlackTeam "SVG Eppstein 1932"]

1. d4 Nf6 2. c4 c5 3. d5 e6 4. Nc3 exd5 5. cxd5 d6 6. e4 g6 7. Nf3 Bg7 8. Bg5
O-O 9. Nd2 Na6 10. Be2 Nc7 11. O-O h6 12. Bh4 Qd7 13. a4 b6 14. Bg3 Bb7 15. Nc4
Nfe8 16. Nb5 Nxb5 17. axb5 Bd4 18. Ra3 f5 19. exf5 gxf5 20. Bf4 Bxd5 21. Bxh6
Rf7 22. Rg3+ Kh8 23. Bd3 Nf6 24. Ne3 Be4 25. Bg5 Rh7 26. Bxf6+ Bxf6 27. Bxe4
fxe4 28. Qd5 Re8 29. Nc4 Be5 30. Nxe5 dxe5 31. Qxe4 Qd4 32. Qg6 Rf8 33. b3 e4
34. Re3 Qe5 35. g3 Qd4 36. Qxe4 Qd2 37. Rf3 Rxf3 38. Qxf3 Rg7 39. Rd1 Qg5 40.
Rd5 Qe7 41. Qh5+ Rh7 42. Re5 Rxh5 43. Rxe7 Rd5 44. Rxa7 Rd4 45. Rb7 1-0

[Event "23.Schlosspark-Open"]
[Site "Wiesbaden"]
[Date "2011.08.27"]
[Round "4.24"]
[White "Schmitt, Hans Walter"]
[Black "Tufa, Mihai"]
[Result "0-1"]
[WhiteElo "2130"]
[BlackElo "2003"]
[PlyCount "130"]
[EventDate "2011.??.??"]
[WhiteTeam "Chess Tigers SFV"]
[BlackTeam "Club Sah Diana Galati"]

1. c4 e5 2. Nc3 Nf6 3. g3 c6 4. Bg2 Be7 5. Nf3 d6 6. d4 Qc7 7. Qc2 O-O 8. O-O
Nh5 9. e4 f5 10. dxe5 dxe5 11. Bg5 f4 12. Bxe7 Qxe7 13. b4 g5 14. Rfd1 g4 15.
Nh4 f3 16. Bf1 Be6 17. c5 Ng7 18. Qd2 Nd7 19. Qh6 Qf6 20. Qxf6 Rxf6 21. Rd6 Kf7
22. Rad1 Ke7 23. Bc4 Nf8 24. Bxe6 Rxe6 25. R6d2 Kf6 26. a4 Rae8 27. b5 Rc8 28.
Rd8 Re8 29. R8d6+ Nfe6 30. a5 cxb5 31. Nd5+ Kg5 32. h3 h5 33. Ne3 Rcd8 34. Nef5
Rxd6 35. Rxd6 Rd8 36. Rxd8 Nxd8 37. Nxg7 b4 38. a6 b3 39. Ne6+ Kf6 40. Nc7 b2
41. Nd5+ Ke6 42. Nc3 bxa6 43. hxg4 hxg4 44. Nf5 Nf7 45. Nb1 Kd7 46. Ne3 Kc6 47.
Nd1 Kxc5 48. Nxb2 Kd4 49. Kf1 Nd6 50. Ke1 Nxe4 51. Nd1 Kd3 52. Ne3 Nf6 53. Nd2
Kc3 54. Kd1 a5 55. Nb1+ Kb2 56. Nd2 a4 57. Nec4+ Kc3 58. Kc1 e4 59. Ne3 a3 60.
Nb1+ Kd3 61. Nxa3 Ke2 62. Nd1 e3 63. fxe3 f2 64. Nc2 f1=Q 65. Nd4+ Kd3 0-1

[Event "23.Schlosspark-Open"]
[Site "Wiesbaden"]
[Date "2011.08.27"]
[Round "4.25"]
[White "Goloborodko, Dmitro"]
[Black "Giese, Tilman"]
[Result "1-0"]
[WhiteElo "2123"]
[BlackElo "1967"]
[PlyCount "135"]
[EventDate "2011.??.??"]
[WhiteTeam "SG Turm Idstein"]
[BlackTeam "SC Turm Illingen"]

1. d4 Nf6 2. c4 g6 3. Nc3 Bg7 4. e4 d6 5. f3 Nbd7 6. Nge2 c6 7. Be3 a6 8. Qd2
b5 9. Ng3 h5 10. h4 Qc7 11. cxb5 axb5 12. Bd3 Nb6 13. b3 Be6 14. Rc1 Qb7 15. d5
cxd5 16. Nxb5 Rc8 17. Rxc8+ Nxc8 18. O-O O-O 19. Rc1 dxe4 20. Nxe4 Nxe4 21.
fxe4 d5 22. Nc7 d4 23. Bf2 Bd7 24. Nd5 Bc6 25. Qa5 e6 26. Ba6 Qd7 27. Bxc8 Rxc8
28. Nb6 Qd8 29. Qc5 Rb8 30. Qxc6 Rxb6 31. Qc8 Rd6 32. Kf1 Bh6 33. Qxd8+ Rxd8
34. Rd1 d3 35. a4 f5 36. e5 Bf4 37. a5 Bxe5 38. a6 Bc3 39. a7 d2 40. Be3 Ra8
41. Ke2 e5 42. Kd3 Ba5 43. Bc5 e4+ 44. Ke3 Kf7 45. b4 Bxb4 46. Bxb4 Rxa7 47.
Rxd2 Rb7 48. Bc5 Rb3+ 49. Kf4 Rc3 50. Bd4 Rb3 51. Be5 e3 52. Rb2 Ra3 53. Kf3
e2+ 54. Kxe2 Ra4 55. Bg3 Rg4 56. Kf3 f4 57. Be1 Ke6 58. Rb5 Kf6 59. Rc5 Ke6 60.
Rg5 Rxg5 61. hxg5 Kf5 62. Bh4 Ke5 63. g3 fxg3 64. Bxg3+ Kf5 65. Bf4 Ke6 66. Ke4
h4 67. Kf3 Kf5 68. Bc1 1-0

[Event "23.Schlosspark-Open"]
[Site "Wiesbaden"]
[Date "2011.08.27"]
[Round "4.26"]
[White "Eg, Karlheinz"]
[Black "Cofman, Veaceslav"]
[Result "0-1"]
[WhiteElo "2007"]
[BlackElo "1990"]
[PlyCount "52"]
[EventDate "2011.??.??"]
[WhiteTeam "SV Rüsselsheim 1929"]
[BlackTeam "Karlsruher SF 1853"]

1. e4 e6 2. d4 d5 3. exd5 exd5 4. c4 dxc4 5. Bxc4 Nf6 6. Nc3 Bd6 7. Nf3 O-O 8.
h3 Bf5 9. O-O Nc6 10. Bg5 h6 11. Be3 Qd7 12. d5 Ne5 13. Bb5 Qe7 14. Nd4 Bd7 15.
Be2 Ng6 16. Re1 Ne4 17. Bg4 f5 18. Nxe4 fxg4 19. Nxd6 Qxd6 20. Ne6 Bxe6 21.
dxe6 gxh3 22. Qb3 Qc6 23. gxh3 Kh8 24. Bd4 Nh4 25. Qg3 Nf3+ 26. Kf1 Qc4+ 0-1

[Event "23.Schlosspark-Open"]
[Site "Wiesbaden"]
[Date "2011.08.27"]
[Round "4.27"]
[White "Syed, Tareq"]
[Black "Sarközy, Benjamin"]
[Result "1/2-1/2"]
[WhiteElo "2112"]
[BlackElo "1944"]
[PlyCount "84"]
[EventDate "2011.??.??"]
[WhiteTeam "SC Brett vor'm Kopp Ffm"]
[BlackTeam "SF Dettingen 1950"]

1. e4 c5 2. d3 a6 3. g3 b5 4. Bg2 Bb7 5. f4 d5 6. e5 e6 7. Be3 Nh6 8. Bf2 Nf5
9. Nf3 h5 10. O-O Nd7 11. Qe1 Be7 12. h4 Qc7 13. Nbd2 O-O 14. c3 Nb6 15. Rc1
Na4 16. Rc2 c4 17. d4 Bc8 18. Ng5 Bd7 19. Qe2 g6 20. g4 hxg4 21. Qxg4 Kg7 22.
h5 Rh8 23. hxg6 fxg6 24. Ndf3 Rh6 25. Nh4 Rah8 26. Nxf5+ exf5 27. Qf3 Bxg5 28.
fxg5 Rh5 29. Qxd5 Rxg5 30. Qf3 Nc5 31. Be3 f4 32. Qxf4 Rf5 33. Qg3 Rxf1+ 34.
Kxf1 Bf5 35. dxc5 Bxc2 36. Bd4 Qf7+ 37. Ke1 Kg8 38. Qg5 Rh5 39. Qd8+ Kh7 40.
Qf6 Qxf6 41. exf6 Kg8 42. c6 Rh7 1/2-1/2

[Event "23.Schlosspark-Open"]
[Site "Wiesbaden"]
[Date "2011.08.27"]
[Round "4.28"]
[White "Barisch, Florian"]
[Black "Minz, Michail"]
[Result "1/2-1/2"]
[WhiteElo "1954"]
[BlackElo "2107"]
[PlyCount "50"]
[EventDate "2011.??.??"]
[WhiteTeam "SV 1934 Ffm-Griesheim"]
[BlackTeam "SK Gau-Algesheim"]

1. d4 d5 2. Bf4 Nf6 3. e3 g6 4. Nd2 Bg7 5. Ngf3 b6 6. h3 Bb7 7. Be2 O-O 8. O-O
e6 9. c4 Nbd7 10. Rc1 c6 11. Qb3 Qe7 12. c5 Rfc8 13. Bd3 Nh5 14. Bd6 Qe8 15.
Ne5 b5 16. a4 a6 17. Be2 Nhf6 18. f4 Nf8 19. Bd3 N6d7 20. Ndf3 f6 21. Ng4 f5
22. Nge5 Nf6 23. a5 N8d7 24. Nxd7 Nxd7 25. Qc3 Bf6 1/2-1/2

[Event "23.Schlosspark-Open"]
[Site "Wiesbaden"]
[Date "2011.08.27"]
[Round "4.29"]
[White "Martin T., Milan"]
[Black "Künitz, Klaus"]
[Result "1-0"]
[WhiteElo "2076"]
[BlackElo "1684"]
[PlyCount "63"]
[EventDate "2011.??.??"]
[WhiteTeam "vereinslos"]
[BlackTeam "TSV Schott Mainz"]

1. e4 e6 2. d3 d5 3. Nd2 b6 4. Ngf3 Nf6 5. exd5 exd5 6. g3 Bd6 7. Bg2 Qe7+ 8.
Qe2 Qxe2+ 9. Kxe2 O-O 10. Re1 Nc6 11. a3 Ba6 12. Kf1 Rae8 13. Rxe8 Rxe8 14. b4
Nb8 15. Bb2 Nbd7 16. Nd4 c5 17. b5 Bb7 18. Nf5 Bc7 19. Nc4 Ba8 20. Nce3 g6 21.
Nh4 d4 22. Bxa8 Rxa8 23. Nc4 Re8 24. a4 Ng4 25. h3 Nge5 26. Nd2 f5 27. Ng2 Kf8
28. Nf4 Nf6 29. Nb3 g5 30. Ne2 Nd5 31. a5 Nb4 32. axb6 {ZÜ} 1-0

[Event "23.Schlosspark-Open"]
[Site "Wiesbaden"]
[Date "2011.08.27"]
[Round "4.30"]
[White "Beulertz, Stefan"]
[Black "Bösch, Udo"]
[Result "1/2-1/2"]
[WhiteElo "1897"]
[BlackElo "2071"]
[PlyCount "55"]
[EventDate "2011.??.??"]
[WhiteTeam "Malta Chess Federation"]
[BlackTeam "SK Ebringen"]

1. e4 c5 2. c3 d5 3. exd5 Qxd5 4. Nf3 Nc6 5. d4 Bg4 6. Be2 cxd4 7. cxd4 e6 8.
Nc3 Qa5 9. O-O Nf6 10. h3 Bh5 11. Be3 Be7 12. a3 O-O 13. Qb3 Qc7 14. Rac1 Rfd8
15. Rfd1 Nd5 16. Nxd5 Rxd5 17. g4 Bg6 18. Ne5 Bd6 19. Nxg6 hxg6 20. Bf3 Bh2+
21. Kg2 Rd7 22. d5 exd5 23. Rxd5 Rxd5 24. Bxd5 Be5 25. Bxc6 bxc6 26. Qc2 Rc8
27. b4 Qb7 28. Bc5 1/2-1/2

[Event "23.Schlosspark-Open"]
[Site "Wiesbaden"]
[Date "2011.08.27"]
[Round "4.31"]
[White "Zimmer, Gerald"]
[Black "Mayer, Frank"]
[Result "1/2-1/2"]
[WhiteElo "1944"]
[BlackElo "2204"]
[PlyCount "35"]
[EventDate "2011.??.??"]
[WhiteTeam "SC Bergen-Enkheim 1922"]
[BlackTeam "Wiesbadener SV 1885"]

1. Nf3 f5 2. d4 Nf6 3. c4 g6 4. Nc3 Bg7 5. g3 d6 6. Bg2 O-O 7. O-O c6 8. Qc2
Na6 9. a3 Qe8 10. d5 e5 11. dxe6 Bxe6 12. b3 Nc5 13. Ng5 Bc8 14. Bb2 h6 15. Nf3
d5 16. Rfe1 Qf7 17. Rad1 Nfe4 18. Nd2 1/2-1/2

[Event "23.Schlosspark-Open"]
[Site "Wiesbaden"]
[Date "2011.08.27"]
[Round "4.32"]
[White "Werner, Dimo"]
[Black "Dittmar, Thomas"]
[Result "1-0"]
[WhiteElo "2237"]
[BlackElo "1952"]
[PlyCount "71"]
[EventDate "2011.??.??"]
[WhiteTeam "Vorw.Orient Mainz"]
[BlackTeam "SF Fürth 1951 e.V."]

1. d4 Nf6 2. Nf3 c5 3. e3 e6 4. c4 b6 5. Nc3 Bb7 6. d5 exd5 7. cxd5 d6 8. Bc4
a6 9. a4 g6 10. O-O Bg7 11. e4 O-O 12. h3 Re8 13. Re1 Nbd7 14. Bf4 Qc7 15. Qd3
Nh5 16. Bh2 Ne5 17. Nxe5 Bxe5 18. Bxe5 Rxe5 19. Qd2 g5 20. Re3 Rae8 21. Rae1
Bc8 22. Bf1 h6 23. g3 Qd7 24. Kh2 c4 25. Qe2 g4 26. hxg4 Nf6 27. f3 b5 28. Qd2
b4 29. Nd1 h5 30. gxh5 Rxh5+ 31. Kg1 Kg7 32. Qxb4 Reh8 33. Nf2 Rh3 34. Bxh3
Rxh3 35. Kg2 Nh5 36. f4 1-0

[Event "23.Schlosspark-Open"]
[Site "Wiesbaden"]
[Date "2011.08.27"]
[Round "4.33"]
[White "Rott, Georg"]
[Black "Rump, Andreas"]
[Result "1-0"]
[WhiteElo "2223"]
[BlackElo "1950"]
[PlyCount "149"]
[EventDate "2011.??.??"]
[WhiteTeam "SK Münster 32 e.V."]
[BlackTeam "SG Turm Idstein"]

1. e4 d6 2. d4 Nf6 3. Nc3 e5 4. Nf3 Nbd7 5. Bc4 Be7 6. O-O O-O 7. a4 c6 8. dxe5
dxe5 9. Bg5 h6 10. Bxf6 Bxf6 11. Qd6 Be7 12. Qg6 Qc7 13. Qg3 Bf6 14. Nd4 Nc5
15. b4 Na6 16. Nf5 Bxf5 17. exf5 Nxb4 18. Ne4 Qe7 19. Qb3 Rab8 20. c3 Nd5 21.
Bxd5 cxd5 22. Qxd5 Rfd8 23. Qb5 a6 24. Qb6 Rdc8 25. Rab1 Rc4 26. f3 Rc6 27.
Qxc6 bxc6 28. Rxb8+ Kh7 29. Rfb1 Qa7+ 30. Kf1 Qd7 31. R8b6 Qd3+ 32. Kf2 Bd8 33.
Rb7 Bh4+ 34. g3 Qc2+ 35. Kg1 Bg5 36. Re1 Qd3 37. Kg2 Bd2 38. Rf1 Bxc3 39. Rxf7
Kg8 40. Rc7 Bd4 41. Rxc6 Qe2+ 42. Nf2 e4 43. fxe4 Bxf2 44. Rc8+ Kf7 45. Rc7+
Kf6 46. Rxf2 Qxe4+ 47. Kh3 Qxa4 48. Rf4 Qb5 49. Rcc4 a5 50. Rcd4 Qc6 51. Rde4
Kf7 52. Re5 a4 53. Ra5 Qd7 54. Raxa4 g5 55. Rad4 Qc8 56. Rf2 Qc5 57. Rdd2 Qc6
58. Kg4 Kf6 59. Rde2 Qc4+ 60. Kh5 Qg8 61. Re6+ Kf7 62. Rxh6 g4 63. f6 Qe8 64.
Kh4 Qe3 65. Rf4 Qe2 66. Rh7+ Kg6 67. Rg7+ Kh6 68. h3 gxh3 69. Kxh3 Qe6+ 70.
Rfg4 Qf5 71. R7g6+ Qxg6 72. Rxg6+ Kxg6 73. Kg4 Kxf6 74. Kh5 Kg7 75. Kg5 1-0

[Event "23.Schlosspark-Open"]
[Site "Wiesbaden"]
[Date "2011.08.27"]
[Round "4.34"]
[White "Eck, Mathias"]
[Black "Drewes, Thomas"]
[Result "1-0"]
[WhiteElo "2137"]
[BlackElo "1944"]
[PlyCount "89"]
[EventDate "2011.??.??"]
[WhiteTeam "SV SF Darmstadt 1994"]
[BlackTeam "SV Würzburg von 1865"]

1. c4 e5 2. g3 Nc6 3. Bg2 Nf6 4. Nc3 d6 5. Rb1 a5 6. d3 Be7 7. a3 O-O 8. b4
axb4 9. axb4 Nd4 10. e3 Ne6 11. Nge2 c6 12. e4 Bd7 13. O-O Ne8 14. Be3 Bg5 15.
f4 exf4 16. gxf4 Bh6 17. Ng3 g6 18. Qe1 N6g7 19. Kh1 f5 20. c5 dxc5 21. Bxc5
Rf7 22. e5 Ne6 23. Be3 N8c7 24. b5 Nxb5 25. Nxb5 cxb5 26. Bxb7 Ra4 27. Bd5 Re7
28. Bb3 Bc6+ 29. Kg1 Ra6 30. Bc5 Re8 31. Bd6 Kh8 32. Qb4 Qb6+ 33. Rf2 Nxf4 34.
Bc5 Qa5 35. Rxf4 Bxf4 36. Qxf4 Rd8 37. e6 Qc3 38. d4 Kg7 39. Qe5+ Kh6 40. Qf4+
Kg7 41. Nxf5+ gxf5 42. Qg5+ Kh8 43. Qxd8+ Kg7 44. Qg5+ Kh8 45. Qf6+ 1-0